| 000 | 00668nam a2200253Ia 4500 | ||
|---|---|---|---|
| 003 | 0100 | ||
| 005 | 20160407114357.0 | ||
| 008 | 130303s9999 xx 000 0 und d | ||
| 040 | _cARRUPELIB | ||
| 050 | _aJV51.C413 | ||
| 100 |
_aCesaire, Aime _923598 |
||
| 245 | _aDiscourse on colonialism | ||
| 245 | _ba poetics of anticolonialism | ||
| 260 | _aNew York | ||
| 260 | _bMonthly Review Press | ||
| 260 | _c1972 | ||
| 300 | _a79p. | ||
| 300 | _b 23 cm | ||
| 650 |
_aColonies _923599 |
||
| 650 |
_aColonies _zAfrica _918677 |
||
| 650 |
_aPostcolonialism _923600 |
||
| 700 |
_aPinkham, Joan (tr.) ; Kelley, Robin D.G. _923601 |
||
| 942 | 0 | 0 |
_01 _2lcc _cMONOGRAPH |
| 999 |
_c31649 _d31649 |
||